Obálka Náhled e-knihy:
Epub
Pro půjčování e-knih musíte být přihlášeni.
Jak si půjčit online?

Poems /

‘Poems’ was published at Wilde’s expense less than 10 years before he wrote his acclaimed novel, ‘The Picture of Dorian Gray.’ It contains some of his best-loved poetry, including ‘Ravenna,’ ‘The Ballad of Reading Gaol,’ and ‘Sonnet On Hearing The Dies Irae Sung In The Sistine Chapel.’ Despite being...

Celý popis

Uloženo v:
Hlavní autor: Wilde, Oscar (Autor)
Médium: E-kniha
Jazyk:Czech
Vydáno: Praha : Saga Egmont, 2022
Tagy:
Žádné tagy
LEADER 02168nam a22002297i 4500
001 312056
007 ta
008 260601s2022 xr ||||| |||| 00| 0 cze d
020 |a 9990003839978 
044 |a xr 
100 1 |a  Wilde, Oscar  |4 aut 
245 1 0 |a Poems /  |c  Wilde, Oscar 
264 1 |a Praha :  |b Saga Egmont,  |c 2022 
300 |a 1 online zdroj (260 stran) 
336 |a text  |b txt  |2 rdacontent 
337 |a bez média  |b n  |2 rdamedia 
338 |a online zdroj  |b cr  |2 rdacarrier 
520 2 |a ‘Poems’ was published at Wilde’s expense less than 10 years before he wrote his acclaimed novel, ‘The Picture of Dorian Gray.’ It contains some of his best-loved poetry, including ‘Ravenna,’ ‘The Ballad of Reading Gaol,’ and ‘Sonnet On Hearing The Dies Irae Sung In The Sistine Chapel.’ Despite being criticised in the Press, ‘Poems’ sold out during its first run and further editions had to be printed in the same year. Wilde went on to gift copies of the book to assorted dignitaries, including Albert Edward, the then Prince of Wales. The anthology is an insightful exploration of human emotions and a landmark in his career. Oscar Wilde (1854 – 1900) was an Irish novelist, poet, playwright, and wit. He was an advocate of the Aesthetic movement, which extolled the virtues of art for the sake of art. During his career, Wilde wrote nine plays, including ‘The Importance of Being Earnest,’ ‘Lady Windermere’s Fan,’ and ‘A Woman of No Importance,’ many of which are still performed today. His only novel, ‘The Picture of Dorian Gray’ was adapted for the silver screen, in the film, ‘Dorian Gray,’ starring Ben Barnes and Colin Firth. In addition, Wilde wrote 43 poems, and seven essays. His life was the subject of a film, starring Stephen Fry. 
910 |a RBIT002 
998 |d 383997  |a https://core.palmknihy.cz/api/books/383997/cover?s6so0g  |b https://core.palmknihy.cz/api/books/383997/cover/400?s6so0g  |c https://core.palmknihy.cz/api/books/383997/cover/50?s6so0g  |e   |g 260  |i 9990003839978  |j https://core.palmknihy.cz/api/books/383997/preview.epub  |l   |q 49  |r 1  |s https://www.palmknihy.cz/kniha/383997  |t ebook  |y 2022  |z 1 
999 |d 312054